MARC

LEADER 00000nam0a2200000 4500
001 268161
005 20231101234137.0
035 |a (RuTPU)RU\TPU\book\291293 
090 |a 268161 
100 |a 20140827d1974 m y0rusy50 ca 
101 0 |a rus 
102 |a RU 
105 |a a j 001zy 
200 1 |a Физическая и коллоидная химия  |e учебное пособие для вузов  |f А. И. Болдырев 
210 |a Москва  |c Высшая школа  |d 1974 
215 |a 504 с.  |c ил. 
320 |a Библиогр.: с. 495-496 
320 |a Предметный указатель.: с. 497-500 
606 1 |a Физическая химия  |2 stltpush  |3 (RuTPU)RU\TPU\subj\67669  |9 83390 
606 1 |a Коллоидная химия  |2 stltpush  |3 (RuTPU)RU\TPU\subj\68635  |9 83831 
610 1 |a учебные пособия 
610 1 |a молекулярно-кинетическая теория 
610 1 |a термохимия 
610 1 |a растворы 
610 1 |a электропроводность 
610 1 |a катализ 
610 1 |a фотохимия 
610 1 |a химическое равновесие 
610 1 |a электрохимия 
610 1 |a термография 
610 1 |a рентгенография 
610 1 |a рентгенографические методы 
610 1 |a фотометрический анализ 
610 1 |a дисперсные системы 
610 1 |a коллоидные системы 
675 |a 544(075.8)  |v 4 
675 |a 544.7(075.8)  |v 4 
700 1 |a Болдырев  |b А. И.  |g Анатолий Иванович 
801 1 |a RU  |b 63413507  |c 20140827 
801 2 |a RU  |b 63413507  |c 20180212  |g RCR 
942 |c BK